|
|
|
|
| LEADER |
00000nam0a2200000 4500 |
| 001 |
60567 |
| 005 |
20231101211904.0 |
| 035 |
|
|
|a (RuTPU)RU\TPU\book\64052
|
| 090 |
|
|
|a 60567
|
| 100 |
|
|
|a 20040211d1970 k y0rusy50 ca
|
| 101 |
1 |
|
|a rus
|c eng
|
| 102 |
|
|
|a RU
|
| 105 |
|
|
|a a z 001zy
|
| 200 |
1 |
|
|a Химия металлоорганических соединений
|e пер. с англ.
|f П. Посон
|g Под ред. И. П. Белецкой
|
| 210 |
|
|
|a Москва
|c Мир
|d 1970
|
| 215 |
|
|
|a 238 с.
|c ил.
|
| 300 |
|
|
|a Доп. тит. лист
|
| 320 |
|
|
|a Библиогр.: с. 233-235.
|
| 606 |
1 |
|
|a Металлоорганические соединения
|x Химия
|2 stltpush
|3 (RuTPU)RU\TPU\subj\69444
|9 84295
|
| 610 |
1 |
|
|a синтез
|
| 610 |
1 |
|
|a катализаторы
|
| 610 |
1 |
|
|a свойства
|
| 610 |
1 |
|
|a получение
|
| 610 |
1 |
|
|a способы
|
| 675 |
|
|
|a 547.1'13
|v 3
|
| 700 |
|
1 |
|a Посон
|b П.
|
| 702 |
|
1 |
|a Белецкая
|b И. П.
|4 340
|
| 801 |
|
1 |
|a RU
|b 63413507
|c 20040211
|g PSBO
|
| 801 |
|
2 |
|a RU
|b 63413507
|c 20210531
|g PSBO
|
| 942 |
|
|
|c BK
|